Area vs. Population Quiz Stats

 Plays Quiz Updated Aug 11, 2017

Support Sporcle.
Go Orange.
Score 0/30 Timer 06:00
0 Plays Today
Country Area (A) or Population (P) % Correct
United Kingdom???
94.1%
Monaco???
91.5%
Sweden???
88.3%
India???
86.7%
China???
86.6%
Jamaica???
83%
Greece???
82.5%
Algeria???
80.6%
Libya???
75.8%
Indonesia???
75.4%
Côte d'Ivoire???
73.5%
Kyrgyzstan???
73.3%
Lebanon???
73.1%
Malta???
71.3%
Peru???
71%
Country Area (A) or Population (P) % Correct
El Salvador???
69.7%
Mozambique???
68.2%
New Zealand???
66.9%
Chile???
66.4%
Dem. Rep. of Congo???
62.9%
Oman???
61.5%
Central African Rep.???
60.9%
Syria???
55.5%
Uruguay???
45%
Estonia???
44.5%
Nicaragua???
42.6%
Romania???
41.5%
Djibouti???
36.3%
Palau???
28.7%
Ukraine???
27.6%

You're not logged in!

Compare scores with friends on all Sporcle quizzes.
OR
Log In
Forgot?

From the Vault

Car Brands by Model II

by SporcleEXP

For safety reasons, the Pinto was not included.
Remove Ads.
Support Sporcle.
Get the best of Sporcle when you Go Orange. This ad-free experience offers more features, more stats, and more fun while also helping to support Sporcle. Thank you for becoming a member.

Show Comments

Extras

Top Quizzes Today


Score Distribution

Your Account Isn't Verified!

In order to create a playlist on Sporcle, you need to verify the email address you used during registration. Go to your Sporcle Settings to finish the process.

Report this User

Report this user for behavior that violates our Community Guidelines.

Details: